[Event "World Blitz 2025"]
[Site "Doha QAT"]
[Date "2025.12.29"]
[Round "2.30"]
[White "Tin, Jingyao"]
[Black "Moussard, Jules"]
[Result "1/2-1/2"]
[WhiteTitle "GM"]
[BlackTitle "GM"]
[WhiteElo "2584"]
[BlackElo "2600"]
[WhiteFideId "5804418"]
[BlackFideId "642908"]
[EventDate "2025.12.29"]

1. d4 d5 2. c4 e6 3. Nc3 Nf6 4. cxd5 exd5 5. Bg5 c6 6. e3 h6 7. Bh4 Be7 8. Bd3
O-O 9. Bg3 Bd6 10. Nf3 Bg4 11. Qc2 Bxg3 12. hxg3 Nbd7 13. Bf5 Qe7 14. Bxg4 Nxg4
15. Rh4 f5 16. O-O-O Qe6 17. Kb1 Ndf6 18. Ne1 Ne4 19. Nd3 Rae8 20. Re1 Nd6 21.
Rhh1 Nc4 22. Ka1 a5 23. Na4 Qf7 24. Rc1 Qc7 25. Rhe1 Re7 26. Nf4 Qd6 27. Re2 b5
28. Nc5 a4 29. Qc3 Qf6 30. Qb4 Rfe8 31. a3 g5 32. Nfd3 Kg7 33. Ka2 h5 34. Rh1
Rh8 35. Ree1 Qf7 36. Qc3 Rhe8 37. Re2 Nd6 38. Nb4 Rc8 39. Qc2 Nc4 40. Qc3 Qg6
41. Ka1 Qf7 42. Rhe1 Qf6 43. Rh1 Qf7 44. Qc2 Qg6 45. Ncd3 Rce8 46. Ree1 Rc8 47.
Qc3 Rce8 48. Re2 Rc8 49. Qc2 Rce8 50. Qc3 Rc8 51. Qc2 1/2-1/2

[Event "World Blitz 2025"]
[Site "Doha QAT"]
[Date "2025.12.29"]
[Round "2.31"]
[White "Ganguly, Surya Shekhar"]
[Black "Rapport, Richard"]
[Result "0-1"]
[WhiteTitle "GM"]
[BlackTitle "GM"]
[WhiteElo "2568"]
[BlackElo "2741"]
[WhiteFideId "5002150"]
[BlackFideId "738590"]
[EventDate "2025.12.29"]

1. e4 c5 2. Nf3 Nc6 3. Bb5 e6 4. O-O Nge7 5. d4 cxd4 6. Nxd4 Qb6 7. Nxc6 bxc6 8.
Be2 Ng6 9. c4 Be7 10. Nc3 O-O 11. Qc2 Qc7 12. g3 Bb7 13. Be3 c5 14. Rad1 Rad8
15. h4 Ne5 16. f4 Nc6 17. e5 Nd4 18. Bxd4 cxd4 19. Ne4 d5 20. Ng5 g6 21. Kh2
dxc4 22. Qxc4 Qb6 23. Qb5 Qc7 24. Rc1 Qb8 25. Bd3 a6 26. Qb3 Qa8 27. Qc2 Rc8 28.
Qe2 Rxc1 29. Rxc1 Rc8 30. Rd1 Bxg5 31. hxg5 Bf3 32. Qd2 Bxd1 33. Qxd1 Qd5 34. a3
a5 35. Qd2 Qb3 36. Be4 Qe3 37. Qxe3 dxe3 38. Kg2 Rb8 39. b4 axb4 40. axb4 Rxb4
41. Kf3 e2 0-1

[Event "World Blitz 2025"]
[Site "Doha QAT"]
[Date "2025.12.29"]
[Round "2.32"]
[White "Gukesh, D"]
[Black "Lodici, Lorenzo"]
[Result "1-0"]
[WhiteTitle "GM"]
[BlackTitle "GM"]
[WhiteElo "2754"]
[BlackElo "2590"]
[WhiteFideId "46616543"]
[BlackFideId "884189"]
[EventDate "2025.12.29"]

1. c4 e6 2. Nc3 b6 3. e4 Bb7 4. Nf3 c5 5. g3 Nc6 6. Bg2 e5 7. O-O g6 8. d3 Bg7
9. a3 Nge7 10. Rb1 O-O 11. b4 d6 12. Nd5 Bc8 13. Bg5 f6 14. Be3 Be6 15. bxc5
dxc5 16. a4 Qd7 17. Nd2 Nd4 18. a5 bxa5 19. Nb3 Rfc8 20. Nxa5 Rab8 21. Rxb8 Rxb8
22. Nxe7+ Qxe7 23. Bxd4 cxd4 24. Nc6 Qc7 25. Nxb8 Qxb8 26. Qb1 Qc7 27. Qb5 Bf8
28. Ra1 Bd7 29. Qa6 1-0

[Event "World Blitz 2025"]
[Site "Doha QAT"]
[Date "2025.12.29"]
[Round "2.33"]
[White "Drygalov, Sergey"]
[Black "Dominguez Perez, Leinier"]
[Result "1-0"]
[WhiteTitle "GM"]
[BlackTitle "GM"]
[WhiteElo "2571"]
[BlackElo "2738"]
[WhiteFideId "24171743"]
[BlackFideId "3503240"]
[EventDate "2025.12.29"]

1. d4 d5 2. c4 c6 3. Nf3 Nf6 4. Nc3 e6 5. e3 a6 6. b3 Bb4 7. Bd2 Nbd7 8. Bd3 O-O
9. O-O Bd6 10. e4 dxc4 11. Bxc4 e5 12. Bg5 Qc7 13. h3 exd4 14. Nxd4 Bh2+ 15. Kh1
Bf4 16. Bxf4 Qxf4 17. Nde2 Qh4 18. f4 Nb6 19. Qe1 Qxe1 20. Rfxe1 Nxc4 21. bxc4
Nd7 22. Rad1 Nc5 23. f5 b5 24. Nd4 Bb7 25. e5 Rfe8 26. Nf3 b4 27. Ne2 a5 28. Nf4
a4 29. f6 Ba6 30. fxg7 b3 31. axb3 axb3 32. Nh5 Reb8 33. Rd4 b2 34. Rg4 Nd7 35.
Rb1 Bxc4 36. Rxc4 Ra1 37. Nd2 Nxe5 38. Rc2 Nd3 39. Kh2 h6 40. Rxc6 Kh7 41. Rc3
Ne5 42. Rg3 Nd7 43. Rd3 Ne5 44. Rc3 Rxb1 45. Nxb1 Kg6 46. Rg3+ Kh7 47. Nf6# 1-0

[Event "World Blitz 2025"]
[Site "Doha QAT"]
[Date "2025.12.29"]
[Round "2.34"]
[White "Chasin, Nico"]
[Black "Safarli, Eltaj"]
[Result "0-1"]
[WhiteTitle "IM"]
[BlackTitle "GM"]
[WhiteElo "2517"]
[BlackElo "2644"]
[WhiteFideId "30908477"]
[BlackFideId "13402129"]
[EventDate "2025.12.29"]

1. d4 Nf6 2. c4 e6 3. Nc3 Bb4 4. f3 d5 5. a3 Be7 6. e4 dxc4 7. Bxc4 c5 8. dxc5
Qxd1+ 9. Nxd1 Bxc5 10. Be3 Bxe3 11. Nxe3 Ke7 12. e5 Nfd7 13. f4 Nb6 14. Bb3 Na6
15. Nf3 Nc5 16. Bc2 Rd8 17. Rd1 Rxd1+ 18. Kxd1 Bd7 19. Kc1 Ba4 20. Rd1 Rc8 21.
Bxa4 Ncxa4+ 22. Kb1 h5 23. Rd4 Nc5 24. Kc2 Ne4+ 25. Kd1 Nf2+ 26. Ke2 Ng4 27. h3
Nxe3 28. Kxe3 Rc2 29. b3 Nd5+ 30. Kd3 Rc3+ 31. Ke2 Rxb3 32. a4 Rb2+ 33. Nd2 Ra2
34. Kd3 Ra3+ 35. Kc2 Rg3 36. Kd1 Rxg2 37. Nc4 Nc3+ 38. Ke1 Re2+ 39. Kf1 Re4 40.
Rxe4 Nxe4 41. Kg2 b6 42. Kf3 Nc5 43. a5 bxa5 44. Nxa5 Kd7 45. Nc4 Nb3 46. Kg3
Kc6 47. Nd6 f5 48. exf6 gxf6 49. Ne8 f5 50. Ng7 Nd4 51. Nxh5 a5 52. Kf2 a4 53.
Ke3 a3 54. Kxd4 a2 55. Ke5 a1=Q+ 56. Kxe6 Qe1+ 57. Kxf5 Qh4 58. Nf6 Qxh3+ 0-1

[Event "World Blitz 2025"]
[Site "Doha QAT"]
[Date "2025.12.29"]
[Round "2.35"]
[White "Alekseenko, Kirill"]
[Black "Ansat, Aldiyar"]
[Result "1-0"]
[WhiteTitle "GM"]
[BlackTitle "IM"]
[WhiteElo "2659"]
[BlackElo "2479"]
[WhiteFideId "4135539"]
[BlackFideId "13715658"]
[EventDate "2025.12.29"]

1. e4 c5 2. Nf3 Nc6 3. Bb5 e6 4. Bxc6 bxc6 5. d3 Ne7 6. Nbd2 f6 7. O-O Ng6 8. h4
h5 9. e5 fxe5 10. Ne4 d5 11. Bg5 Qc7 12. Ng3 Be7 13. Re1 Bf6 14. Qd2 Bd7 15. c4
Qd6 16. Rac1 Kf7 17. b3 a5 18. Qe3 a4 19. bxa4 Rxa4 20. Rb1 Ra7 21. Rb6 Ne7 22.
Reb1 Nf5 23. Qe2 Nxg3 24. fxg3 Rha8 25. Rb7 Rxb7 26. Rxb7 Rb8 27. Qb2 Rxb7 28.
Qxb7 Kg6 1-0

[Event "World Blitz 2025"]
[Site "Doha QAT"]
[Date "2025.12.29"]
[Round "2.36"]
[White "Santos Latasa, Jaime"]
[Black "Lobanov, Sergei"]
[Result "0-1"]
[WhiteTitle "GM"]
[BlackTitle "GM"]
[WhiteElo "2616"]
[BlackElo "2527"]
[WhiteFideId "2293307"]
[BlackFideId "24183750"]
[EventDate "2025.12.29"]

1. Nf3 d5 2. e3 Nf6 3. c4 e6 4. b3 c5 5. Bb2 Nc6 6. cxd5 exd5 7. Bb5 Bd6 8. O-O
O-O 9. d4 cxd4 10. Nxd4 Bd7 11. Nf3 Bg4 12. Nbd2 Re8 13. Be2 Rc8 14. a3 Bb8 15.
Re1 Qd6 16. g3 Qe7 17. Nd4 Bxe2 18. Qxe2 Be5 19. N2f3 Nxd4 20. Bxd4 Bxd4 21.
Nxd4 Ne4 22. f3 Ng5 23. Qd2 g6 24. b4 Qf6 25. Kg2 Rc4 26. Rf1 Rec8 27. Rad1 Ne6
28. Rc1 Nxd4 29. exd4 Rxc1 30. Rxc1 Rxc1 31. Qxc1 Qxd4 32. Qc8+ Kg7 33. Qxb7
Qb2+ 34. Kh3 Qxa3 35. Qxd5 Qxb4 36. Qe5+ Kg8 37. Qe8+ Qf8 38. Qd7 Qa8 39. f4 a5
40. Qa4 Qd5 41. Qe8+ Kg7 42. Qa4 h5 43. Qa1+ Kg8 44. Qa4 Qc5 45. Kg2 Kf8 46. h3
Qb4 47. Qd7 a4 48. f5 gxf5 49. Qc8+ Ke7 50. Qxf5 a3 51. Qe5+ Kd7 52. Qd5+ Ke8
53. Qe5+ Kd8 54. Qd5+ Kc8 55. Qc6+ Kb8 56. Qe8+ Ka7 57. Qxf7+ Qb7+ 0-1

[Event "World Blitz 2025"]
[Site "Doha QAT"]
[Date "2025.12.29"]
[Round "2.37"]
[White "Pranav, V"]
[Black "Samunenkov, Ihor"]
[Result "1-0"]
[WhiteTitle "GM"]
[BlackTitle "GM"]
[WhiteElo "2641"]
[BlackElo "2584"]
[WhiteFideId "25060783"]
[BlackFideId "14187086"]
[EventDate "2025.12.29"]

1. d4 Nf6 2. Nf3 d5 3. Bg5 Nbd7 4. Nbd2 h6 5. Bh4 e6 6. e3 c5 7. c3 Bd6 8. Bb5
a6 9. Bxd7+ Bxd7 10. O-O Qc7 11. Re1 Ne4 12. Nxe4 dxe4 13. Ne5 Bxe5 14. dxe5 g5
15. Bg3 h5 16. h4 gxh4 17. Bxh4 Qxe5 18. Qb3 Bc6 19. Rad1 Rg8 20. Qb6 Kf8 21. b4
Rg4 22. Rd8+ Rxd8 23. Qxd8+ Kg7 24. Be7 Qf5 25. g3 Qf3 26. Bh4 c4 27. Rd1 Bd5
28. Rd2 Rg6 29. a4 Qg4 30. b5 axb5 31. axb5 Qf3 32. Ra2 Qd1+ 33. Kh2 Qf3 34. Be7
b6 35. Qf8+ Kh7 36. Bh4 Rg4 37. Qd8 Rg6 38. Qxb6 Kg7 39. Qd8 Rg4 40. b6 Qf5 41.
Qe7 Qe5 42. Kg1 Qf5 43. Rb2 Qf3 44. b7 Bxb7 45. Rxb7 Qd1+ 46. Kh2 Qf3 47. Rb2
Rg6 48. Qd6 Qf5 49. Qd4+ e5 50. Qxc4 Rd6 51. Qe2 Rd3 52. c4 Qg6 53. c5 Rc3 54.
Rc2 Ra3 55. Rc1 Qe6 56. c6 Ra2 57. Rc2 Ra1 58. c7 Qc8 59. Qxh5 f6 60. Rc6 1-0

[Event "World Blitz 2025"]
[Site "Doha QAT"]
[Date "2025.12.29"]
[Round "2.38"]
[White "Dardha, Daniel"]
[Black "Sapenov, Daniyal"]
[Result "1-0"]
[WhiteTitle "GM"]
[BlackTitle "IM"]
[WhiteElo "2603"]
[BlackElo "2440"]
[WhiteFideId "240990"]
[BlackFideId "13728911"]
[EventDate "2025.12.29"]

1. Nf3 Nf6 2. b3 d5 3. Bb2 Bf5 4. d3 h6 5. g3 e6 6. Bg2 Be7 7. O-O a5 8. Nc3 Bh7
9. Nd2 c6 10. e4 dxe4 11. dxe4 e5 12. Nc4 Qc7 13. f4 exf4 14. e5 Nfd7 15. gxf4
O-O 16. Ne4 Na6 17. f5 f6 18. e6 Ndc5 19. Ng3 Rfd8 20. Qg4 Kh8 21. Nh5 Rg8 22.
Nd2 Nb4 23. Rac1 Nd5 24. Rce1 a4 25. b4 Qb6 26. Bxd5 cxd5 27. Bd4 Qxb4 28. c3
Qb5 29. Nf3 Ne4 30. Nh4 Qe8 31. Nf4 Rc8 32. Re3 Rc4 33. Nxd5 Ng5 34. Qe2 b5 35.
Nf4 Bc5 36. Nhg6+ Bxg6 37. Nxg6+ Kh7 38. Bxc5 Rxc5 39. h4 Rxf5 40. Nf4 Nxe6 41.
Rxe6 Qd7 42. Qe4 Qd5 1-0

[Event "World Blitz 2025"]
[Site "Doha QAT"]
[Date "2025.12.29"]
[Round "2.39"]
[White "Khubukshanov, Erdem"]
[Black "Sargsyan, Shant"]
[Result "1/2-1/2"]
[WhiteTitle "IM"]
[BlackTitle "GM"]
[WhiteElo "2502"]
[BlackElo "2665"]
[WhiteFideId "54114527"]
[BlackFideId "13306766"]
[EventDate "2025.12.29"]

1. e4 e5 2. Nf3 Nc6 3. Bc4 Nf6 4. d3 Be7 5. O-O O-O 6. Re1 d6 7. a4 Na5 8. Ba2
c5 9. c3 Nc6 10. Na3 h6 11. Nc2 a6 12. b4 cxb4 13. cxb4 Be6 14. Bxe6 fxe6 15.
Bd2 b5 16. Ne3 Qd7 17. h3 d5 18. Qb1 bxa4 19. Qc2 Bxb4 20. Nxe5 Nxe5 21. Bxb4
Rfc8 22. Qe2 dxe4 23. dxe4 Qb5 24. Bd6 Qxe2 25. Rxe2 Nc4 26. e5 Nxe3 27. exf6
Nc4 28. Bf4 e5 29. Bxe5 Re8 30. f4 gxf6 31. Rxa4 Rac8 32. Rc2 Nxe5 33. Rxc8 Rxc8
34. fxe5 Ra8 35. exf6 Kf7 36. Ra5 Kxf6 37. Kf2 Kg6 38. g4 Rb8 39. Rxa6+ Kg5 40.
Ra5+ Kg6 41. Ra3 Rb5 42. Kg3 h5 43. Ra6+ Kg7 44. Kh4 hxg4 45. hxg4 Rc5 46. Rd6
Ra5 47. Rd7+ Kg6 48. Rd6+ Kg7 49. Rb6 Rc5 50. g5 Rc1 51. Rb7+ Kg6 52. Rb6+ Kg7
53. Rb5 Rh1+ 54. Kg3 Rg1+ 55. Kf4 Rf1+ 56. Ke4 1/2-1/2

[Event "World Blitz 2025"]
[Site "Doha QAT"]
[Date "2025.12.29"]
[Round "2.40"]
[White "Orozbaev, Eldiyar"]
[Black "Matlakov, Maxim"]
[Result "1/2-1/2"]
[WhiteTitle "IM"]
[BlackTitle "GM"]
[WhiteElo "2348"]
[BlackElo "2606"]
[WhiteFideId "13802240"]
[BlackFideId "4168003"]
[EventDate "2025.12.29"]

1. e4 c5 2. c3 Nf6 3. e5 Nd5 4. Nf3 e6 5. d4 cxd4 6. Qxd4 Nc6 7. Qe4 d6 8. c4
Nde7 9. exd6 Nf5 10. Bf4 Bxd6 11. Bxd6 Nxd6 12. Qc2 O-O 13. Bd3 h6 14. a3 b6 15.
Nc3 Bb7 16. O-O-O Qe7 17. Qe2 Rfd8 18. Kb1 Rac8 19. Rhe1 Qf6 20. Ne4 Nxe4 21.
Bxe4 Na5 22. Bxb7 Nxb7 23. Ne5 Nc5 24. g3 a5 25. f4 a4 26. Rxd8+ Rxd8 27. Rd1
Qf5+ 28. Ka2 Rxd1 29. Qxd1 Qe4 30. Qd8+ Kh7 31. Qxb6 Qc2 32. Qxc5 Qb3+ 1/2-1/2

[Event "World Blitz 2025"]
[Site "Doha QAT"]
[Date "2025.12.29"]
[Round "2.41"]
[White "Ibarra Jerez, Jose Carlos"]
[Black "Krallis, Christos"]
[Result "1-0"]
[WhiteTitle "GM"]
[BlackTitle "IM"]
[WhiteElo "2532"]
[BlackElo "2416"]
[WhiteFideId "2226332"]
[BlackFideId "4298896"]
[EventDate "2025.12.29"]

1. e4 e5 2. Nf3 Nc6 3. Nc3 Nf6 4. Nd5 d6 5. d4 Be7 6. Bb5 O-O 7. Nxe7+ Qxe7 8.
d5 Nd4 9. Nxd4 exd4 10. Qxd4 Qxe4+ 11. Qxe4 Nxe4 12. Be3 Nf6 13. O-O-O Bd7 14.
Be2 Bg4 15. Bxg4 Nxg4 16. Bd4 Rfe8 17. h3 Ne5 18. Rhe1 g5 19. Re3 f6 20. Rb3 b6
21. Rc3 Re7 22. a4 a5 23. Kb1 Kf7 24. Ka2 h5 25. Kb3 h4 26. Rf1 Ng6 27. Rf3 Ne5
28. Re3 Ng6 29. Rxe7+ Nxe7 30. Kc4 Nf5 31. f4 Rg8 32. fxg5 Rxg5 33. Rf2 Kg6 34.
c3 Rg3 35. Rd2 Kg5 36. Bg1 Ne3+ 37. Bxe3+ Rxe3 38. Kb5 f5 39. Kc6 Re7 40. b4 Kf4
41. Rd3 axb4 42. cxb4 Ke4 43. Ra3 Rg7 44. Ra2 Kd4 45. a5 bxa5 46. bxa5 Kc4 47.
a6 Rg8 48. a7 Ra8 49. Kxc7 Kxd5 50. Kb7 Rg8 51. a8=Q Rxa8 52. Rxa8 Ke4 53. Rh8
d5 54. Rxh4+ Ke3 55. Rh5 Ke4 56. g4 f4 57. g5 f3 58. Rh8 d4 59. g6 d3 60. Re8+
Kd4 61. g7 f2 62. Rf8 d2 63. g8=Q d1=Q 64. Rd8+ 1-0

[Event "World Blitz 2025"]
[Site "Doha QAT"]
[Date "2025.12.29"]
[Round "2.42"]
[White "Donchenko, Alexander"]
[Black "Ahmad, Khagan"]
[Result "0-1"]
[WhiteTitle "GM"]
[BlackTitle "IM"]
[WhiteElo "2661"]
[BlackElo "2472"]
[WhiteFideId "24603295"]
[BlackFideId "13431552"]
[EventDate "2025.12.29"]

1. c4 c5 2. Nf3 Nc6 3. Nc3 g6 4. e3 Nf6 5. d4 cxd4 6. exd4 d5 7. cxd5 Nxd5 8.
Qb3 Nxc3 9. Bc4 e6 10. bxc3 Bg7 11. Ba3 Na5 12. Bb5+ Bd7 13. Qa4 Nc6 14. Qb3 Ne7
15. Be2 Bc6 16. h4 Bd5 17. Bb5+ Nc6 18. Qd1 a6 19. Bxc6+ Bxc6 20. h5 Qc7 21. Qe2
Bb5 22. Qe3 Bh6 23. Bd6 Qc8 24. Ng5 Bxg5 25. Qg3 Qc4 26. Qf3 O-O-O 27. Be5 f6
28. Bg3 Rxd4 29. cxd4 Qb4+ 30. Kd1 Qd2# 0-1

[Event "World Blitz 2025"]
[Site "Doha QAT"]
[Date "2025.12.29"]
[Round "2.43"]
[White "Raja, Rithvik R"]
[Black "Petrov, Nikita"]
[Result "1/2-1/2"]
[WhiteTitle "GM"]
[BlackTitle "GM"]
[WhiteElo "2541"]
[BlackElo "2578"]
[WhiteFideId "35007394"]
[BlackFideId "4101286"]
[EventDate "2025.12.29"]

1. Nf3 d5 2. g3 Nc6 3. d4 Bf5 4. Bg2 Nb4 5. Na3 e6 6. O-O Be7 7. Ne5 Nf6 8. c3
Nc6 9. Qa4 O-O 10. Nxc6 bxc6 11. Qxc6 Be4 12. c4 Bxg2 13. Kxg2 Bxa3 14. bxa3 Rb8
15. c5 Qe8 16. Qxe8 Rfxe8 17. Bf4 Rb2 18. Kf3 Ne4 19. Rfb1 Reb8 20. Rxb2 Rxb2
21. Bxc7 Nd2+ 22. Kg2 Ne4 23. Kf3 Nd2+ 24. Kg2 Ne4 25. Bf4 Rxe2 26. Be3 Rc2 27.
Rc1 Rxc1 28. Bxc1 Kf8 29. Kf3 Ke8 30. Ke3 Kd7 31. f3 Nf6 32. Kd3 Kc6 33. a4 Nd7
34. Bf4 f6 35. Bd6 e5 36. Ke3 a6 37. g4 g6 38. h4 h5 39. gxh5 gxh5 40. Kd3 Kb7
41. Ke3 Kc6 42. Be7 Kb7 43. Bd6 Kc6 44. Be7 1/2-1/2

[Event "World Blitz 2025"]
[Site "Doha QAT"]
[Date "2025.12.29"]
[Round "2.44"]
[White "Grandelius, Nils"]
[Black "Begmuratov, Khumoyun"]
[Result "1-0"]
[WhiteTitle "GM"]
[BlackTitle "IM"]
[WhiteElo "2664"]
[BlackElo "2451"]
[WhiteFideId "1710400"]
[BlackFideId "14210207"]
[EventDate "2025.12.29"]

1. d4 Nf6 2. c4 e6 3. Nc3 Bb4 4. Qc2 d5 5. a3 Bxc3+ 6. Qxc3 dxc4 7. Qxc4 b6 8.
Bf4 Nd5 9. Bg3 O-O 10. e4 Ba6 11. Qc2 Bxf1 12. Kxf1 Nf6 13. Rd1 Qd7 14. Ne2 Nc6
15. f3 Rac8 16. Kf2 Ne7 17. Rd2 Ng6 18. Rc1 c6 19. Kg1 Rfd8 20. Qa4 h6 21. Rdc2
Ne7 22. Bh4 g5 23. Bf2 Qb7 24. h3 Kg7 25. Bg3 Nd7 26. Bd6 b5 27. Qa5 Ng6 28. Ng3
Nb6 29. Nh5+ Kg8 30. Bc5 Qc7 31. Qe1 Na4 32. Qf2 Nxc5 33. Rxc5 Qb6 34. b4 Qb7
35. Qb2 Qc7 36. Rxc6 Qxc6 37. Rxc6 Rxc6 38. d5 1-0

[Event "World Blitz 2025"]
[Site "Doha QAT"]
[Date "2025.12.29"]
[Round "2.45"]
[White "Galaviz Medina, Sion Radamantys"]
[Black "Kevlishvili, Robby"]
[Result "1-0"]
[WhiteTitle "IM"]
[BlackTitle "GM"]
[WhiteElo "2514"]
[BlackElo "2527"]
[WhiteFideId "5123119"]
[BlackFideId "1040634"]
[EventDate "2025.12.29"]

1. d4 d5 2. c4 e6 3. Nc3 Nf6 4. cxd5 exd5 5. Bg5 c6 6. e3 h6 7. Bh4 Be7 8. Bd3
O-O 9. Nge2 Re8 10. O-O a5 11. Qc2 Na6 12. a3 Nc7 13. Rad1 Ne6 14. a4 b6 15. Kh1
Bb7 16. Ng1 Ng5 17. f4 Nge4 18. Bxf6 Nxf6 19. Nf3 c5 20. Bb5 Rf8 21. dxc5 Bxc5
22. e4 d4 23. Ne5 Qc8 24. Nd5 Nxd5 25. exd5 Bxd5 26. Bc4 Bxc4 27. Qxc4 Qf5 28.
Qd3 Qe6 29. Rfe1 Rfe8 30. Qf3 f6 31. Nd3 Qb3 32. h4 Rad8 33. f5 Qxa4 34. Nf4 Bb4
35. Rxe8+ Rxe8 36. Ne6 Qc2 37. b3 Bc3 1-0

[Event "World Blitz 2025"]
[Site "Doha QAT"]
[Date "2025.12.29"]
[Round "2.46"]
[White "Pantsulaia, Levan"]
[Black "Sklokin, Sergey"]
[Result "0-1"]
[WhiteTitle "GM"]
[BlackTitle "FM"]
[WhiteElo "2472"]
[BlackElo "2407"]
[WhiteFideId "13602071"]
[BlackFideId "55730230"]
[EventDate "2025.12.29"]

1. Nf3 c5 2. c4 b6 3. g3 Bb7 4. Bg2 g6 5. O-O Bg7 6. Nc3 Nf6 7. d4 cxd4 8. Nxd4
Bxg2 9. Kxg2 O-O 10. e4 d6 11. Be3 Qd7 12. f3 Nc6 13. Nde2 Rac8 14. Rc1 Rfd8 15.
Qd2 h5 16. b3 Qb7 17. Nd5 e6 18. Nxf6+ Bxf6 19. Bg5 Qe7 20. Bxf6 Qxf6 21. Rfd1
Ne7 22. Nc3 Qe5 23. Qd4 Qxd4 24. Rxd4 d5 25. Rcd1 Nc6 26. R4d2 dxc4 27. Rxd8+
Nxd8 28. bxc4 Nc6 29. Nb5 Ne5 30. Nd6 Rc5 31. Rd4 Ra5 32. Rd2 Rc5 33. Rd4 Ra5
34. Rd2 Ra4 35. Rc2 Ra3 36. f4 Ng4 37. Rd2 Rc3 38. e5 Ne3+ 39. Kf2 Nxc4 40. Nxc4
Rxc4 41. Ke3 Ra4 42. Kf3 Kg7 43. Kg2 g5 44. fxg5 Re4 45. Rd7 Re2+ 46. Kf3 Rxa2
47. h4 a5 48. g4 Ra3+ 49. Kf2 hxg4 50. h5 Rh3 51. g6 Rxh5 52. Rxf7+ Kxg6 53.
Rf6+ Kg5 54. Rxe6 Kf4 55. Rf6+ Kxe5 56. Rxb6 Kd4 57. Kg3 Kc4 58. Kxg4 Rb5 59.
Ra6 Kb3 60. Rf6 a4 61. Rf3+ Kb4 62. Rf4+ Ka5 63. Rf3 Rb4+ 64. Kf5 Rb3 65. Rf2 a3
66. Ke4 Kb4 67. Kd4 Rb2 68. Rf8 a2 69. Rb8+ Ka3 70. Ra8+ Kb3 71. Kd3 Rh2 72.
Rb8+ Ka3 73. Ra8+ Kb2 74. Rb8+ Kc1 75. Ra8 Kb1 76. Kd4 0-1

[Event "World Blitz 2025"]
[Site "Doha QAT"]
[Date "2025.12.29"]
[Round "2.47"]
[White "Pranav, Anand"]
[Black "Hovhannisyan, Robert"]
[Result "1-0"]
[WhiteTitle "GM"]
[BlackTitle "GM"]
[WhiteElo "2591"]
[BlackElo "2621"]
[WhiteFideId "46626786"]
[BlackFideId "13302507"]
[EventDate "2025.12.29"]

1. e4 e5 2. Nf3 Nc6 3. Bb5 Nf6 4. d3 Bc5 5. O-O Nd4 6. Nxd4 Bxd4 7. c3 Bb6 8.
Ba4 O-O 9. Bg5 h6 10. Bh4 d6 11. Nd2 Be6 12. Bb3 Qe7 13. Nc4 Rad8 14. a4 c5 15.
Ne3 Bxb3 16. Qxb3 Qe6 17. Qb5 Rb8 18. Bxf6 Qxf6 19. Nd5 Qd8 20. a5 Bc7 21. b4 a6
22. Qc4 Rc8 23. Rfb1 Bb8 24. b5 Kh8 25. bxa6 bxa6 26. Qxa6 c4 27. Nb6 Rc6 28.
Qb7 Rc7 29. Qa6 cxd3 30. Qxd3 f5 31. exf5 Ba7 32. Nd5 Rcf7 33. f6 gxf6 34. a6 f5
35. Qh3 Qg5 36. Rb7 Qd2 37. Ne3 Kg8 38. Qxh6 f4 39. Qg6+ Kh8 40. Rxf7 Rxf7 41.
Qxf7 fxe3 42. fxe3 Qxc3 43. Rf1 Bxe3+ 44. Kh1 Qd3 45. Qf8+ Kh7 46. Rf7+ Kg6 47.
Rg7+ Kh5 48. Qf7+ Kh6 49. Qf6+ Kh5 50. g4# 1-0

[Event "World Blitz 2025"]
[Site "Doha QAT"]
[Date "2025.12.29"]
[Round "2.48"]
[White "Muradli, Mahammad"]
[Black "Davtyan, Artur"]
[Result "1-0"]
[WhiteTitle "GM"]
[BlackTitle "IM"]
[WhiteElo "2581"]
[BlackElo "2474"]
[WhiteFideId "13409301"]
[BlackFideId "13308327"]
[EventDate "2025.12.29"]

1. d4 Nf6 2. c4 e6 3. Nf3 b6 4. g3 Bb7 5. Bg2 Be7 6. O-O O-O 7. Nc3 Ne4 8. Bd2
f5 9. Ne5 Nxc3 10. Bxc3 Bxg2 11. Kxg2 Bf6 12. Qd3 d6 13. Nf3 d5 14. Rac1 c6 15.
Bb4 Rf7 16. Qb3 Rc7 17. Rc2 Nd7 18. Bd6 Rcc8 19. Rfc1 a6 20. a4 Kf7 21. e3 h6
22. cxd5 cxd5 23. Rc7 Ke8 24. R1c6 Rxc7 25. Bxc7 Qe7 26. Bxb6 Rb8 27. a5 Kf7 28.
Qd3 Nxb6 29. axb6 Qb4 30. Qxa6 Kg6 31. Rxe6 Qxb2 32. Ne5+ Kh7 33. Nd7 Ra8 34.
Qa5 1-0

[Event "World Blitz 2025"]
[Site "Doha QAT"]
[Date "2025.12.29"]
[Round "2.49"]
[White "Mamedov, Edgar"]
[Black "Uskov, Artem"]
[Result "1/2-1/2"]
[WhiteTitle "GM"]
[BlackTitle "GM"]
[WhiteElo "2492"]
[BlackElo "2516"]
[WhiteFideId "13739980"]
[BlackFideId "34254854"]
[EventDate "2025.12.29"]

1. d4 Nf6 2. c4 e6 3. Nf3 b6 4. g3 Bb7 5. Bg2 Be7 6. O-O O-O 7. Re1 Ne4 8. h4 f5
9. Nc3 Bf6 10. Ng5 Nxc3 11. bxc3 Bxg2 12. Kxg2 Qe8 13. e4 Bxg5 14. hxg5 fxe4 15.
Rxe4 Qg6 16. Qg4 Nc6 17. d5 exd5 18. cxd5 Qf7 19. Be3 Ne7 20. Qxd7 Nxd5 21.
Qxf7+ Rxf7 22. Bd2 Raf8 23. f4 Rd7 24. c4 Nf6 25. Re2 Ne4 26. Be1 Rd4 27. a4
Rxc4 28. a5 b5 29. Rd1 b4 30. Rd3 a6 31. Rb2 Nc5 32. Re3 b3 33. Re7 Rc2+ 34.
Rxc2 bxc2 35. Bd2 Nb3 36. Bc1 Rf5 1/2-1/2

[Event "World Blitz 2025"]
[Site "Doha QAT"]
[Date "2025.12.29"]
[Round "2.50"]
[White "Idani, Pouya"]
[Black "Siddharth, Jagadeesh"]
[Result "0-1"]
[WhiteTitle "GM"]
[BlackTitle "GM"]
[WhiteElo "2611"]
[BlackElo "2489"]
[WhiteFideId "12510130"]
[BlackFideId "5818320"]
[EventDate "2025.12.29"]

1. d4 Nf6 2. Nf3 d5 3. Bf4 c5 4. e3 e6 5. Nbd2 Qb6 6. Rb1 cxd4 7. exd4 Bd7 8. c3
Bb5 9. Qb3 Bxf1 10. Qxb6 axb6 11. Kxf1 Nc6 12. a3 b5 13. h3 h5 14. Ne1 Na5 15.
Nd3 Nc4 16. Nf3 Ne4 17. Re1 f6 18. Bc1 Kf7 19. g3 g5 20. Kg2 Bd6 21. Nh2 Rag8
22. Nf1 g4 23. hxg4 hxg4 24. Rxh8 Rxh8 25. Ne3 f5 26. Nf1 Kf6 27. Re2 Ra8 28.
Bf4 Bxf4 29. Nxf4 Rh8 30. Nh2 Ncd6 31. Nd3 Ng5 32. f3 gxf3+ 33. Nxf3 Nxf3 34.
Kxf3 Ne4 35. Nf4 Rh1 36. Kg2 Rb1 37. Nd3 Kg5 38. Nf4 Kg4 39. Nxe6 Nxg3 40. Rf2
Nh5 41. Kh2 f4 42. Rg2+ Kf5 43. Nc7 f3 44. Rf2 Ke4 45. Ne6 Ke3 0-1

[Event "World Blitz 2025"]
[Site "Doha QAT"]
[Date "2025.12.29"]
[Round "2.51"]
[White "Tabatabaei, M. Amin"]
[Black "Aziz, Husain"]
[Result "1-0"]
[WhiteTitle "GM"]
[BlackTitle "IM"]
[WhiteElo "2700"]
[BlackElo "2256"]
[WhiteFideId "12521213"]
[BlackFideId "12100293"]
[EventDate "2025.12.29"]

1. d4 d5 2. Nc3 Nf6 3. Bf4 c5 4. e3 cxd4 5. exd4 Bg4 6. Be2 Bxe2 7. Qxe2 Nc6 8.
Nb5 Qa5+ 9. c3 O-O-O 10. Bc7 Qa6 11. Bxd8 Nxd8 12. Nf3 e6 13. a4 Be7 14. O-O Nc6
15. Ng5 Nd8 16. c4 h6 17. Nf3 dxc4 18. Rfc1 Nd5 19. Ne5 Kb8 20. Qxc4 b6 21. a5 1-0